000 00643cam a2200193 a 4500
001 000012097
005 20240514124353.0
008 750812s1956 ag 001 0 spa
040 _aDO-SdBNP
_bspa
_cLC
_dBNPHU
082 _a378.001
_bI46u
100 1 _aIngenieros, José,
_d1877-1925.
_916601
245 1 3 _aLa universidad del porvenir y otros escritos :
_bsobre filosofía. educación y cultura /
_cJosé Ingenieros.
260 _aBuenos Aires :
_bMeridión,
_c1956.
300 _a357 p. ;
_c21 cm.
650 0 _aEducación superior
_9736
650 0 _aEducación
_xFilosofía
_93186
910 _aCatalogación por copia / LC
049 _aBNGR
999 _c11762
_d11762